000 01669nam0a22003251 4500
001 v19\rc\1690571
005 20250619023537.0
035 _a(NLR Aleph) 004794534
090 _a4764377
_c4764377
100 _a20061002e18971897|||y0rusy50 ca
101 0 _arus
102 _aRU
105 _ay z |||||
200 1 _aПолное затмение солнца 27 июля (8 августа) 1896 г., наблюденное офицерами транспорта "Самоед" на Новой Земле
_e(Доложено в заседании Физ. мат. отд. 9 окт. 1896 г.)
_f[Соч.] Лейт. Бухтеева
210 _a[Санкт-Петербург]
_cтип. Имп. Акад. наук
_d[1897]
215 _a17-26 с.
_d29
300 _aРезюме на фр. яз.
309 _aБез тит. л. и обл.
311 _aИз "Изв. Имп. Акад. наук", 1897, янв., т. 6, № 1
488 0 _12001#$aИзвестия Императорской Академии наук$v1897, янв., т. 6, № 1
_tИзвестия Императорской Академии наук
532 1 1 _aПолное затмение солнца двадцать седьмого июля восьмого августа 1896 г., наблюденное офицерами транспорта "Самоед" на Новой Земле
700 1 _aБухтеев
_bА.М.
_f1862-
_gАфанасий Михайлович
801 0 _aRU
_bNLR
_gpsbo
801 0 _aRU
_bRuMoRGB
_2psbo
801 1 _aRU
_bProSoft-M
_2rusmarc
852 _aNLR
_j18.270.1.104
899 _aRuMoRGB
_jV 220/373
899 _aБАН
942 _cBOOK
980 _aNB